Turkey in the Eurovision Song Contest - Statistics

General Stats
  • This quiz has been taken 21 times
  • The average score is 12 of 34
Answer Stats
Answer % Correct
Düm Tek Tek
89%
Everyway That I Can
83%
We Could Be The Same
78%
Deli
61%
Süper Star
56%
Dinle
50%
For Real
50%
Love Me Back
50%
Pet'r Oil
50%
Seninle Bir Dakika
44%
Shake It Up Şekerim
44%
Rimi Rimi Ley
39%
Didai didai dai
33%
Halley
33%
Live It Up
33%
Opera
33%
Bana Bana
28%
Esmer Yarim
28%
İki Dakika
28%
Sev!
28%
Sufi (Hey Ya Hey)
28%
Yorgunum Anla
28%
Beşinci Mevsim
22%
Dönme Dolap
22%
Gözlerinin Hapsindeyim
22%
Halay
22%
Hani?
22%
Leylaklar Soldu Kalbinde
22%
Şarkım Sevgi Üstüne
22%
Unutamazsın
22%
Yaz Bitti
22%
Dön Artık
17%
Sevgiliye Son
17%
Sevince
17%
No matching quizzes found
Score Distribution
Percent of People with Each Score
Percentile by Number Answered
Your Score History
You have not taken this quiz